[Event "FRA-chT4 0405"]
[Site "Franconville"]
[Date "2004.10.11"]
[Round "1.3"]
[White "Roger, Romain"]
[Black "Becue, Herve"]
[Result "0-1"]
[WhiteElo "2189"]
[BlackElo "1780"]
[PlyCount "136"]
[EventDate "2004.10.10"]
[EventType "team"]
[EventRounds "7"]
[EventCountry "FRA"]
[SourceTitle "EXT 2007"]
[Source "ChessBase"]
[SourceDate "2006.11.23"]
[SourceVersion "1"]
[SourceVersionDate "2006.11.23"]
[SourceQuality "1"]

1. e4 c6 2. d4 d5 3. e5 Bf5 4. Nf3 Nd7 5. Be2 e6 6. 0-0 h6 7. b3 g5 8. Ne1 h5 9. Bxh5 Nh6 10. g4 Be4 11. Nc3 Bg6 12. Bxg6 fxg6 13. Qd3 Nf5 14. gxf5 gxf5 15. Qg3 g4 16. Ne2 Qe7 17. c4 dxc4 18. bxc4 0-0-0 19. Nf4 Qf7 20. Bb2 Nb6 21. Rc1 Bh6 22. Neg2 Rdg8 23. d5 Bxf4 24. Qxf4 Qh5 25. dxe6 g3 26. fxg3 Rg4 27. Qf3 Nxc4 28. h4 Nxb2 29. Qxf5 Qxf5 30. Rxf5 Rxg3 31. e7 Re8 32. Rf7 Kd7 33. Rh7 Rxe7 34. Rxe7+ Kxe7 35. Kh2 Rg8 36. Rb1 Nc4 37. Rxb7+ Ke6 38. Rxa7 Kxe5 39. Re7+ Kf6 40. Rc7 Ne5 41. Kh3 Ra8 42. Ne3 Ra3 43. Kg2 Rxe3 44. Kf2 Ra3 45. Rh7 Rxa2+ 46. Ke3 Ra4 47. Rh6+ Kf7 48. Rh7+ Kg6 49. Re7 Ng4+ 50. Kd3 Kf5 51. Kc3 Nf6 52. Kb3 Re4 53. Rc7 Re6 54. Kc4 Ne4 55. Rg7 Ke5 56. Rh7 Kd6 57. Rh5 Nf6 58. Rh6 Ke5 59. Rh8 Ke4 60. Kc5 Nd7+ 61. Kc4 Re5 62. Rh6 Nb6+ 63. Kb3 Kd5 64. h5 c5 65. Kc3 Nc4 66. Rh8 Nd6 67. Rh6 Ne4+ 68. Kc2 Ng3 0-1

[Event "FRA-chT2 0304"]
[Site "France"]
[Date "2004.01.17"]
[Round "5"]
[White "Roger, Romain"]
[Black "Denis, Laurent"]
[Result "0-1"]
[WhiteElo "2204"]
[BlackElo "2210"]
[PlyCount "94"]
[EventDate "2003.10.??"]
[EventType "team"]
[EventRounds "11"]
[EventCountry "FRA"]
[SourceTitle "EXT 2005"]
[Source "ChessBase"]
[SourceDate "2004.11.15"]
[SourceVersion "1"]
[SourceVersionDate "2004.11.15"]
[SourceQuality "1"]

1. e4 c5 2. Nf3 e6 3. d4 cxd4 4. Nxd4 a6 5. Bd3 Bc5 6. Nb3 Ba7 7. Qe2 Nc6 8. Nc3 d6 9. Be3 Bxe3 10. Qxe3 Nf6 11. a4 0-0 12. 0-0 Nb4 13. Rfd1 Qc7 14. h3 d5 15. exd5 Nbxd5 16. Nxd5 Nxd5 17. Qe4 Nf6 18. Qc4 Qb8 19. Nc5 b6 20. Ne4 Nxe4 21. Bxe4 Ra7 22. Rd2 e5 23. Rad1 Rc7 24. Qb4 Be6 25. Bd5 Bxd5 26. Rxd5 Rxc2 27. Rd6 b5 28. R6d5 Qb6 29. Qh4 bxa4 30. Rxe5 Rxb2 31. Re3 Rb3 32. Qxa4 Rxe3 33. fxe3 Qxe3+ 34. Kh1 Qe6 35. Ra1 Rc8 36. Qa5 g6 37. Re1 Qf6 38. Ra1 Rc2 39. Rg1 h6 40. Qa3 Qc6 41. Qe3 h5 42. Qg5 Qc5 43. Qd8+ Kg7 44. Rf1 Rf2 45. Re1 Qf5 46. Kg1 Rb2 47. Rf1 Rb1 0-1

[Event "FRA-chT2"]
[Site "France"]
[Date "2002.01.19"]
[Round "5.7"]
[White "Roger, Romain"]
[Black "Kerouredan, Noel"]
[Result "1-0"]
[WhiteElo "2198"]
[BlackElo "2070"]
[PlyCount "65"]
[EventDate "2002.??.??"]
[EventType "team"]
[EventRounds "11"]
[EventCountry "FRA"]
[SourceTitle "EXT 2003"]
[Source "ChessBase"]
[SourceDate "2002.11.25"]
[SourceVersion "1"]
[SourceVersionDate "2002.11.25"]
[SourceQuality "1"]

1. e4 e5 2. Nf3 Nc6 3. Bb5 a6 4. Ba4 g6 5. c3 Bg7 6. 0-0 Nge7 7. d4 0-0 8. d5 Nb8 9. d6 cxd6 10. Qxd6 Nbc6 11. Bg5 f6 12. Be3 Kh8 13. Na3 b5 14. Bb3 g5 15. c4 b4 16. Nc2 a5 17. Ba4 h6 18. a3 f5 19. axb4 fxe4 20. Bxc6 Nxc6 21. Nd2 Rf6 22. Qd5 Bb7 23. Nxe4 Nxb4 24. Qxb7 Nxc2 25. Nxf6 Nxa1 26. Nh5 Nc2 27. Nxg7 Kxg7 28. Rd1 Kg8 29. Rxd7 Qf8 30. Qd5+ Kh8 31. Qxe5+ Kg8 32. Qe6+ Kh8 33. Qg6 1-0

[Event "FRA-chT2"]
[Site "France"]
[Date "2001.11.17"]
[Round "2"]
[White "Roger, Romain"]
[Black "Schmitt, Andre"]
[Result "0-1"]
[WhiteElo "2198"]
[BlackElo "2264"]
[PlyCount "122"]
[EventDate "2002.??.??"]
[EventType "team"]
[EventRounds "11"]
[EventCountry "FRA"]
[SourceTitle "EXT 2003"]
[Source "ChessBase"]
[SourceDate "2002.11.25"]
[SourceVersion "1"]
[SourceVersionDate "2002.11.25"]
[SourceQuality "1"]

1. e4 c5 2. Nf3 g6 3. d4 cxd4 4. Nxd4 Bg7 5. Nc3 Nc6 6. Nb3 Nf6 7. Be2 0-0 8. 0-0 b6 9. Bg5 Bb7 10. Qd2 Rc8 11. Rfe1 d6 12. Bf1 Ne5 13. Nd5 e6 14. Nxf6+ Bxf6 15. Bf4 Qc7 16. c3 Rfd8 17. Nd4 Nc4 18. Bxc4 Qxc4 19. Bg5 Bxg5 20. Qxg5 Qc5 21. Qh6 Qe5 22. Qh4 a6 23. Re3 Rd7 24. h3 Kg7 25. Rae1 Rc4 26. Qg4 Kh8 27. a3 Qg7 28. Rf3 Rc5 29. Rfe3 Rcc7 30. Kh2 h6 31. f4 e5 32. Nf3 Re7 33. f5 gxf5 34. Qxf5 Bc8 35. Qh5 Qg6 36. Qh4 f5 37. exf5 Bxf5 38. Nd4 Rg7 39. Rg3 Qxg3+ 40. Qxg3 Rxg3 41. Nxf5 Rg6 42. Rd1 Rd7 43. Rd5 Kg8 44. c4 Kf7 45. g4 Ke6 46. Rd2 Rf6 47. Kg3 Rxf5 48. gxf5+ Kxf5 49. Kf3 Ke6 50. Rg2 Rf7+ 51. Ke3 Rf4 52. b3 Rh4 53. Rg3 Kd7 54. Kd3 Kc6 55. Kc3 b5 56. Rd3 bxc4 57. bxc4 a5 58. a4 h5 59. Kb3 Rf4 60. Kc3 Rf5 61. Kb3 e4 0-1